000
00263nam a2200109Ia 4500
008
200302s9999 xx 000 0 und d
100
_a
Gina Moore
245
_a
The Window Style Bible
260
_b
Page one Publishing Pvt. Ltd.
260
_c
2007
300
_a
192 P.,
999
_c
2998
_d
2998